Legendary/Mythical Pokemon - Statistics

General Stats
  • This quiz has been taken 123 times
  • The average score is 50 of 94
Answer Stats
Generation Answer % Correct
Mew
99%
Mewtwo
99%
1 Articuno
96%
Moltres
95%
Zapdos
91%
Groudon
89%
Kyogre
88%
Rayquaza
88%
Ho-oh
87%
Lugia
87%
Suicune
87%
Entei
86%
2 Raikou
86%
Celebi
84%
Dialga
79%
Palkia
78%
Regice
76%
3 Regirock
76%
Arceus
75%
Registeel
74%
Giratina
71%
Deoxys
70%
Latias
68%
Latios
68%
Zekrom
68%
Reshiram
67%
Zygarde
67%
Darkrai
64%
Regigigas
63%
Shaymin
63%
Kyurem
62%
Cresselia
59%
Jirachi
59%
4 Uxie
59%
6 Xerneas
58%
Azelf
57%
Lunala
55%
Manaphy
54%
Mesprit
54%
5 Victini
54%
Yveltal
54%
Heatran
53%
Phione
53%
Solgaleo
53%
Tornadus
53%
Cobalion
51%
Landorus
51%
Genesect
50%
Keldeo
50%
Terrakion
50%
Cosmog
49%
Thundurus
47%
Hoopa
46%
Virizion
46%
Meloetta
45%
8 Zacian
45%
Tapu Fini
43%
Tapu Koko
43%
Eternatus
42%
Tapu Bulu
42%
Tapu Lele
42%
Volcanion
42%
Zamazenta
42%
Cosmoem
41%
Diancie
41%
Regidrago
39%
Koraidon
38%
Miraidon
38%
Necrozma
38%
Zarude
37%
Kubfu
36%
Regieleki
36%
Urshifu
36%
Marshadow
34%
Calyrex
33%
Glastrier
33%
Magearna
33%
Spectrier
33%
7 Type: Null
33%
Silvally
30%
Zeraora
29%
Enamorus
28%
Ogerpon
28%
Okidogi
28%
Terapagos
28%
Chien-Pao
26%
Chi-Yu
26%
Fezandipiti
26%
Munkidori
26%
Melmetal
25%
Meltan
25%
Ting-Lu
25%
9 Wo-Chien
25%
Pecharunt
24%
No matching quizzes found
Score Distribution
Percent of People with Each Score
Percentile by Number Answered
Your Score History
You have not taken this quiz